| 000 | 00591nam a2200205 a 4500 | ||
|---|---|---|---|
| 005 | 20200104041521.0 | ||
| 008 | 160220b1999 xxu gr|||| 00| 0 spa d | ||
| 040 |
_aCO-BoIAVH _cCO-BoIAVH |
||
| 041 | _aeng | ||
| 082 | 0 | 4 |
_a580.72 _bI61i |
| 111 |
_aInternational Botanical Congress _c16, Sant Louis _d1999 |
||
| 245 |
_aInternational botanical congress _babstracts |
||
| 260 |
_aSan Luis _bCongress _c1999 |
||
| 300 | _a759 p. | ||
| 650 | 4 | _aResumenes analíticos | |
| 650 | 6 | _aVegetación | |
| 650 | 6 | _aFlora | |
| 650 | 6 | _aBotánica | |
| 942 |
_cLIBRO _2ddc |
||
| 999 |
_c1455 _d1455 |
||